| 000 | 01030nam a2200313 b 4500 | ||
|---|---|---|---|
| 001 | |||
| 003 | DO-SdBNP | ||
| 005 | 20170120090515.0 | ||
| 008 | 930119s1990 sp | ||| ||spa d | ||
| 016 | 7 |
_a _z _2BPMSU |
|
| 017 |
_a _b |
||
| 020 | _a8473740483 | ||
| 035 | _a(OCoLC) | ||
| 040 |
_aBPMSU _bspa _cBPMSU |
||
| 080 | 4 | _a | |
| 100 | 1 | _aOsman, Tony | |
| 245 | 1 | 3 |
_aEl descubrimiento del universo / _h _cTony Osman ; dibujos, Gordon Davies... [et al.] ; adaptación, Antonio Zorita García |
| 246 | 1 | 3 |
_a _b |
| 260 |
_aMadrid : _bLagos, _c1990 |
||
| 300 |
_a48 p. : _bil. ; _c28 cm |
||
| 490 | _aEl Museo de los descubrimientos | ||
| 500 | _aÍndice | ||
| 505 | _aDe la astronomía primitiva a las pruebas especiales -- Formación de la tierra y las estrellas -- Objetos extraños y misterios sin resolver del lejano espacio | ||
| 700 | 1 | _aDavis, Gordon | |
| 700 | 1 | _aZorita García, Antonio | |
| 830 | _aEl Museo de los descubrimientos | ||
| 942 |
_2ddc _cBK |
||
| 956 |
_a VMATEO _b10 _c20170120 _dBPMSU _f0069 |
||
| 999 |
_c12522 _d12522 |
||